[Event "Stay Safe Play From Home 210"]
[Site "T#646654Emanuel Laske"]
[Date "2020.06.08"]
[Round "2"]
[White "Dukic"]
[Black "Mepe_Nika"]
[Result "0-1"]
[WhiteElo "1855"]
[BlackElo "2330"]
[Annotator "TA"]
[PlyCount "78"]
[EventDate "2020.06.08"]
[EventType "swiss (blitz)"]

{[%evp 23,77,0,3,0,9,-4,0,0,245,-22,-15,-40,-4,-26,0,0,0,-8,0,0,4,12,55,59,87,-97,-102,-100,-85,-345,-83,-66,-73,-80,-79,-77,-71,-136,-80,-79,-26,-33,0,0,0,0,0,-374,-372,-29995,-29996,-29996,-29997,-29998,-29999,-29999]} 1. c4 c6 2. Nc3 d5 3. cxd5 cxd5 4. d4 Nf6 5. Nf3 Nc6 6. Bf4 a6 7. e3 Bg4 8. h3 Bh5 9. Be2 e6 10. O-O Bd6 11. Bxd6 Qxd6 12. Rc1 O-O 13. Qb3 {D13: Slav Defence: Exchange variation without ...Bf5.} b5 {[#]} 14. a4 $146 ({Predecessor:} 14. Nd2 Bxe2 15. Nxe2 Na5 16. Qc2 Nc4 17. Nb3 Rac8 18. Nc5 Nd7 19. b3 Ncb6 20. Nf4 {1-0 (106) Petrovska,A (1496)-Ter Avetisjana,A (1300) Riga 2018}) 14... b4 15. Nb1 {The position is equal.} Ne4 $2 {[#]} (15... Na5 $11 {and Black has nothing to worry.} 16. Qd1 Bxf3 17. Bxf3 Qd7) 16. Qd3 $2 (16. Rxc6 $1 $18 {[%mdl 512]} Qxc6 17. Ne5) 16... Rfc8 $11 17. Nbd2 Nxd2 18. Nxd2 (18. Qxd2 {keeps more tension.} Bxf3 19. Bxf3 Na5 20. Rxc8+ Rxc8 21. Rc1) 18... Bxe2 (18... Bg6 $5 {[%cal Rg6d3]} 19. Qb3 Na5 $11) 19. Qxe2 Na5 20. Qd3 h6 21. Rc2 Rxc2 22. Qxc2 Rb8 23. Rc1 b3 24. Qc7 $2 (24. Qc5 $16 {stays on course.} Qd8 25. Rc3) 24... Qxc7 $1 $17 25. Rxc7 {[%mdl 4096] Endgame [#] White wants to play Rc5. KRN-KRN} Rb4 $1 26. Ra7 $2 {[%mdl 8192] [#]} (26. Rc3 $17 {might work better.}) 26... Rxa4 $2 (26... Nc4 $1 $19 {[%cal Rc4d2] and Black stays clearly on top.} 27. Nxc4 dxc4) 27. Rxa6 Ra1+ 28. Kh2 Rd1 29. Nf3 Nc4 {White must now prevent ...Rb1.} 30. Ra8+ Kh7 {...Rb1 is the strong threat.} 31. Rb8 Rf1 ({Black should play} 31... Rd3 $17) 32. Kg3 $11 Nd6 33. Nd2 {[%mdl 64] Double Attack} Rd1 34. Nxb3 Ne4+ $1 35. Kf3 $2 {[%mdl 8192] [#]} (35. Kf4 $11 {and White stays safe.}) 35... Rf1 $1 $19 {[%mdl 512]} 36. Nc5 $2 (36. Ke2 $19 Rxf2+ {[%mdl 64] Double Attack} 37. Kd1 Rxb2 38. Rb7) 36... Rxf2+ {Black mates.} 37. Kg4 f5+ 38. Kh4 g5+ 39. Kh5 Nf6# {Accuracy: White = 50%, Black = 66%.} 0-1

[Event "Stay Safe Play From Home 210"]
[Site "T#646654Emanuel Laske"]
[Date "2020.06.08"]
[Round "2"]
[White "Buzaglo"]
[Black "Sadbat1122"]
[Result "1-0"]
[WhiteElo "1769"]
[BlackElo "1574"]
[Annotator "NA"]
[PlyCount "91"]
[EventDate "2020.06.08"]
[EventType "swiss (blitz)"]

1. d4 {[%emt 0:00:01]} d5 {[%emt 0:00:02]} 2. Nf3 {[%emt 0:00:01]} c6 {[%emt 0:00:01]} 3. g3 {[%emt 0:00:01]} Bg4 {[%emt 0:00:02]} 4. Bg2 {[%emt 0:00:01]} Nd7 {[%emt 0:00:01]} 5. Ne5 {[%emt 0:00:01]} Nxe5 {[%emt 0:00:02]} 6. dxe5 {[%emt 0:00:00]} e6 {[%emt 0:00:01]} 7. O-O {[%emt 0:00:01]} Bc5 {[%emt 0:00:02]} 8. a3 {[%emt 0:00:02]} Bb6 {[%emt 0:00:02]} 9. b4 {[%emt 0:00:05]} h5 {[%emt 0:00:05]} 10. h3 {[%emt 0:00:02]} Bf5 {[%emt 0:00:02]} 11. h4 {[%emt 0:00:02]} Nh6 {[%emt 0:00:04]} 12. Bg5 {[%emt 0:00:02]} Qc7 {[%emt 0:00:04]} 13. Bf4 {[%emt 0:00:04]} c5 {[%emt 0:00:05]} 14. c3 {[%emt 0:00:08]} c4 {[%emt 0:00:03]} 15. Nd2 {[%emt 0:00:02]} Ng4 {[%emt 0:00:03]} 16. e4 {[%emt 0:00:03]} dxe4 {[%emt 0:00:07]} 17. Nxe4 {[%emt 0:00:03]} O-O {[%emt 0:00:04]} 18. Nd6 {[%emt 0:00:03]} Bd3 {[%emt 0:00:06]} 19. Qf3 {[%emt 0:00:10]} Bxf1 {[%emt 0:00:03]} 20. Rxf1 {[%emt 0:00:00]} Rab8 {[%emt 0:00:08]} 21. Nxb7 {[%emt 0:00:02]} a5 {[%emt 0:00:08]} 22. bxa5 {[%emt 0:00:05]} Bxa5 {[%emt 0:00:02]} 23. Nxa5 {[%emt 0:00:00]} Qxa5 {[%emt 0:00:02]} 24. Bc1 {[%emt 0:00:13]} Rb3 {[%emt 0:00:06]} 25. Qc6 {[%emt 0:00:04]} Nxe5 {[%emt 0:00:07]} 26. Qe4 {[%emt 0:00:10]} Qxc3 {[%emt 0:00:06]} 27. Bf4 {[%emt 0:00:07]} Ng4 {[%emt 0:00:02]} 28. Bd6 {[%emt 0:00:05]} Re8 {[%emt 0:00:02]} 29. Bh3 {[%emt 0:00:08]} Nf6 {[%emt 0:00:02]} 30. Qf4 {[%emt 0:00:07]} Qf3 {[%emt 0:00:03]} 31. Qg5 {[%emt 0:00:03]} c3 {[%emt 0:00:07]} 32. Bg2 {[%emt 0:00:04]} Qg4 {[%emt 0:00:02]} 33. Qc1 {[%emt 0:00:03]} Qc4 {[%emt 0:00:04]} 34. Qc2 {[%emt 0:00:03]} Rb2 {[%emt 0:00:01]} 35. Qc1 {[%emt 0:00:03]} Qb3 {[%emt 0:00:04]} 36. Be5 {[%emt 0:00:01]} Rc2 {[%emt 0:00:04]} 37. Qg5 {[%emt 0:00:04]} Qxa3 {[%emt 0:00:28]} 38. Bxf6 {[%emt 0:00:01]} Qf8 {[%emt 0:00:02]} 39. Bd4 {[%emt 0:00:06]} e5 {[%emt 0:00:02]} 40. Bxe5 {[%emt 0:00:02]} f6 {[%emt 0:00:01]} 41. Bd5+ {[%emt 0:00:02]} Qf7 {[%emt 0:00:12]} 42. Bxf7+ {[%emt 0:00:03]} Kxf7 {[%emt 0:00:01]} 43. Qxh5+ {[%emt 0:00:01]} g6 {[%emt 0:00:01]} 44. Qh7+ {[%emt 0:00:01]} Ke6 {[%emt 0:00:01]} 45. Qxg6 {[%emt 0:00:03]} Kxe5 {[%emt 0:00:02]} 46. Qxc2 {[%emt 0:00:02] Time} 1-0

[Event "Stay Safe Play From Home 210"]
[Site "T#646654Emanuel Laske"]
[Date "2020.06.08"]
[Round "2"]
[White "Edmatuag"]
[Black "Timbre"]
[Result "1-0"]
[WhiteElo "1723"]
[BlackElo "1593"]
[Annotator "NA RC"]
[PlyCount "49"]
[EventDate "2020.06.08"]
[EventType "swiss (blitz)"]

1. e4 {[%emt 0:00:01]} c6 {[%emt 0:00:02]} 2. d4 {[%emt 0:00:02]} d5 {[%emt 0:00:01]} 3. exd5 {[%emt 0:00:02]} cxd5 {[%emt 0:00:02]} 4. c4 {[%emt 0:00:00]} Nf6 {[%emt 0:00:02]} 5. Nc3 {[%emt 0:00:01]} Nc6 {[%emt 0:00:02]} 6. Nf3 {[%emt 0:00:02]} e6 {[%emt 0:00:02]} 7. Bg5 {[%emt 0:00:02]} Be7 {[%emt 0:00:02]} 8. Bd3 {[%emt 0:00:02]} O-O {[%emt 0:00:01]} 9. O-O {[%emt 0:00:01]} dxc4 {[%emt 0:00:03]} 10. Bxc4 {[%emt 0:00:01]} Nd5 {[%emt 0:00:01]} 11. Bxe7 {[%emt 0:00:05]} Ncxe7 {[%emt 0:00:01]} 12. Rc1 {[%emt 0:00:07]} a6 {[%emt 0:00:01]} 13. a3 {[%emt 0:00:02]} b5 {[%emt 0:00:01]} 14. Ba2 {[%emt 0:00:02]} Bb7 {[%emt 0:00:01]} 15. Qd2 {[%emt 0:00:10]} Ng6 {[%emt 0:00:02]} 16. Nxd5 {[%emt 0:00:17]} Bxd5 {[%emt 0:00:02]} 17. Bxd5 {[%emt 0:00:03]} Qxd5 {[%emt 0:00:01]} 18. Rc5 {[%emt 0:00:07]} Qd7 {[%emt 0:00:04]} 19. Rfc1 {[%emt 0:00:02]} h6 {[%emt 0:00:02]} 20. Qa5 {[%emt 0:00:05]} Rac8 {[%emt 0:00:06]} 21. Rc7 {[%emt 0:00:08]} Rxc7 {[%emt 0:00:02]} 22. Qxc7 {[%emt 0:00:01]} Qd5 {[%emt 0:00:04]} 23. h3 {[%emt 0:00:16]} Qe4 {[%emt 0:00:02]} 24. Qc2 {[%emt 0:00:05]} Nf4 {[%emt 0:00:03]} 25. Qxe4 {[%emt 0:00:02] Timbre resigns (Lag: Av=0.51s, max=0.7s)} 1-0

[Event "Stay Safe Play From Home 210"]
[Site "T#646654Emanuel Laske"]
[Date "2020.06.08"]
[Round "2"]
[White "Lucknow"]
[Black "Tobo Rubirosa"]
[Result "1/2-1/2"]
[WhiteElo "1712"]
[BlackElo "1603"]
[Annotator "NA RC"]
[PlyCount "130"]
[EventDate "2020.06.08"]
[EventType "swiss (blitz)"]

1. d4 {[%emt 0:00:03]} Nf6 {[%emt 0:00:02]} 2. c4 {[%emt 0:00:01]} g6 {[%emt 0:00:01]} 3. Nc3 {[%emt 0:00:01]} Bg7 {[%emt 0:00:01]} 4. e4 {[%emt 0:00:01]} d6 {[%emt 0:00:01]} 5. f3 {[%emt 0:00:01]} O-O {[%emt 0:00:01]} 6. Be3 {[%emt 0:00:01]} Nc6 {[%emt 0:00:01]} 7. Nge2 {[%emt 0:00:02]} a6 {[%emt 0:00:02]} 8. Qd2 {[%emt 0:00:01]} Rb8 {[%emt 0:00:01]} 9. Rc1 {[%emt 0:00:02]} Na5 {[%emt 0:00:12]} 10. b3 {[%emt 0:00:03]} b5 {[%emt 0:00:05]} 11. cxb5 {[%emt 0:00:05]} axb5 {[%emt 0:00:01]} 12. d5 {[%emt 0:00:01]} c5 {[%emt 0:00:09]} 13. dxc6 {[%emt 0:00:03]} Nxc6 {[%emt 0:00:05]} 14. Nd4 {[%emt 0:00:00]} Nxd4 {[%emt 0:00:01]} 15. Bxd4 {[%emt 0:00:02]} b4 {[%emt 0:00:02]} 16. Nd5 {[%emt 0:00:27]} Nxd5 {[%emt 0:00:03]} 17. Bxg7 {[%emt 0:00:09]} Kxg7 {[%emt 0:00:05]} 18. Qxd5 {[%emt 0:00:06]} Be6 {[%emt 0:00:03]} 19. Qd4+ {[%emt 0:00:03]} Kg8 {[%emt 0:00:10]} 20. Bc4 {[%emt 0:00:01]} Bxc4 {[%emt 0:00:03]} 21. Rxc4 {[%emt 0:00:01]} Ra8 {[%emt 0:00:03]} 22. O-O {[%emt 0:00:27]} Rxa2 {[%emt 0:00:06]} 23. Rxb4 {[%emt 0:00:07]} Qc7 {[%emt 0:00:04]} 24. Rc4 {[%emt 0:00:09]} Qa5 {[%emt 0:00:05]} 25. Rfc1 {[%emt 0:00:06]} Rd2 {[%emt 0:00:12]} 26. Qc3 {[%emt 0:00:40]} Qa2 {[%emt 0:00:08]} 27. Rc2 {[%emt 0:00:03]} Rxc2 {[%emt 0:00:07]} 28. Qxc2 {[%emt 0:00:01]} Qxc2 {[%emt 0:00:01]} 29. Rxc2 {[%emt 0:00:01]} Rb8 {[%emt 0:00:03]} 30. Rb2 {[%emt 0:00:00]} Kf8 {[%emt 0:00:01]} 31. Kf2 {[%emt 0:00:00]} Ke8 {[%emt 0:00:01]} 32. Ke3 {[%emt 0:00:00]} Kd7 {[%emt 0:00:01]} 33. Kd4 {[%emt 0:00:00]} Kc6 {[%emt 0:00:02]} 34. Kc4 {[%emt 0:00:01]} e6 {[%emt 0:00:03]} 35. b4 {[%emt 0:00:01]} d5+ {[%emt 0:00:01]} 36. exd5+ {[%emt 0:00:01]} exd5+ {[%emt 0:00:01]} 37. Kd4 {[%emt 0:00:00]} Rb5 {[%emt 0:00:04]} 38. f4 {[%emt 0:00:01]} Kd6 {[%emt 0:00:01]} 39. g3 {[%emt 0:00:00]} f5 {[%emt 0:00:03]} 40. Rb3 {[%emt 0:00:01]} h6 {[%emt 0:00:02]} 41. Rb1 {[%emt 0:00:00]} g5 {[%emt 0:00:02]} 42. Rb2 {[%emt 0:00:00]} Rb8 {[%emt 0:00:03]} 43. b5 {[%emt 0:00:02]} Rb6 {[%emt 0:00:03]} 44. Rb3 {[%emt 0:00:01]} Rb8 {[%emt 0:00:04]} 45. Rb2 {[%emt 0:00:00]} Rb6 {[%emt 0:00:01]} 46. Rb3 {[%emt 0:00:01]} gxf4 {[%emt 0:00:08]} 47. Rb4 {[%emt 0:00:00]} Rb8 {[%emt 0:00:02]} 48. gxf4 {[%emt 0:00:01]} Rd8 {[%emt 0:00:01]} 49. Rb3 {[%emt 0:00:00]} Kc7 {[%emt 0:00:01]} 50. b6+ {[%emt 0:00:00]} Kb7 {[%emt 0:00:01]} 51. Ke5 {[%emt 0:00:00]} d4 {[%emt 0:00:02]} 52. Kxf5 {[%emt 0:00:01]} d3 {[%emt 0:00:01]} 53. Rb1 {[%emt 0:00:00]} d2 {[%emt 0:00:01]} 54. Rd1 {[%emt 0:00:00]} Kxb6 {[%emt 0:00:01]} 55. Kg6 {[%emt 0:00:00]} Kc5 {[%emt 0:00:03]} 56. f5 {[%emt 0:00:00]} Kc4 {[%emt 0:00:00]} 57. f6 {[%emt 0:00:00]} Kc3 {[%emt 0:00:00]} 58. f7 {[%emt 0:00:00]} Kc2 {[%emt 0:00:00]} 59. Rxd2+ {[%emt 0:00:00]} Kxd2 {[%emt 0:00:03]} 60. Kxh6 {[%emt 0:00:00]} Rf8 {[%emt 0:00:01]} 61. Kg7 {[%emt 0:00:00]} Rxf7+ {[%emt 0:00:02]} 62. Kxf7 {[%emt 0:00:01]} Ke3 {[%emt 0:00:00]} 63. h4 {[%emt 0:00:00]} Kf4 {[%emt 0:00:00]} 64. h5 {[%emt 0:00:00]} Kg5 {[%emt 0:00:01]} 65. h6 {[%emt 0:00:00]} Kxh6 {[%emt 0:00:01] (Lag: Av=1.09s, max=1.8s)} 1/2-1/2

[Event "Stay Safe Play From Home 210"]
[Site "T#646654Emanuel Laske"]
[Date "2020.06.08"]
[Round "2"]
[White "Fingerfehler1"]
[Black "Trotsky"]
[Result "0-1"]
[WhiteElo "1659"]
[BlackElo "1569"]
[Annotator "NA RC"]
[PlyCount "84"]
[EventDate "2020.06.08"]
[EventType "swiss (blitz)"]

1. e4 {[%emt 0:00:03]} c5 {[%emt 0:00:04]} 2. Nf3 {[%emt 0:00:03]} Nc6 {[%emt 0:00:01]} 3. d4 {[%emt 0:00:00]} cxd4 {[%emt 0:00:01]} 4. Nxd4 {[%emt 0:00:00]} Nf6 {[%emt 0:00:01]} 5. Nc3 {[%emt 0:00:01]} e6 {[%emt 0:00:01]} 6. a3 {[%emt 0:00:04]} d6 {[%emt 0:00:01]} 7. f3 {[%emt 0:00:02]} Nxd4 {[%emt 0:00:01]} 8. Qxd4 {[%emt 0:00:02]} e5 {[%emt 0:00:01]} 9. Qd1 {[%emt 0:00:08]} a6 {[%emt 0:00:01]} 10. Bg5 {[%emt 0:00:03]} Be7 {[%emt 0:00:01]} 11. Qd2 {[%emt 0:00:06]} b5 {[%emt 0:00:01]} 12. Be2 {[%emt 0:00:04]} Bb7 {[%emt 0:00:01]} 13. O-O {[%emt 0:00:04]} Qc7 {[%emt 0:00:03]} 14. Rfd1 {[%emt 0:00:08]} Rd8 {[%emt 0:00:01]} 15. Kh1 {[%emt 0:00:07]} O-O {[%emt 0:00:02]} 16. h4 {[%emt 0:00:07]} Kh8 {[%emt 0:00:01]} 17. Rac1 {[%emt 0:00:09]} d5 {[%emt 0:00:02]} 18. exd5 {[%emt 0:00:02]} Bd6 {[%emt 0:00:04]} 19. Bxf6 {[%emt 0:00:10]} gxf6 {[%emt 0:00:01]} 20. Ne4 {[%emt 0:00:04]} f5 {[%emt 0:00:07]} 21. Nxd6 {[%emt 0:00:06]} Qxd6 {[%emt 0:00:02]} 22. c4 {[%emt 0:00:03]} Rg8 {[%emt 0:00:05]} 23. b4 {[%emt 0:00:13]} Rg3 {[%emt 0:00:02]} 24. Kh2 {[%emt 0:00:14]} Rdg8 {[%emt 0:00:02]} 25. Bf1 {[%emt 0:00:01]} Qg6 {[%emt 0:00:07]} 26. c5 {[%emt 0:00:02]} e4 {[%emt 0:00:04]} 27. fxe4 {[%emt 0:00:07]} Qh5 {[%emt 0:00:06]} 28. c6 {[%emt 0:00:05]} Qxh4+ {[%emt 0:00:02]} 29. Kg1 {[%emt 0:00:02]} Rh3 {[%emt 0:00:11]} 30. Qd4+ {[%emt 0:00:24]} Rg7 {[%emt 0:00:08]} 31. Qxg7+ {[%emt 0:00:01]} Kxg7 {[%emt 0:00:02]} 32. gxh3 {[%emt 0:00:01]} Qg3+ {[%emt 0:00:01]} 33. Bg2 {[%emt 0:00:01]} fxe4 {[%emt 0:00:01]} 34. cxb7 {[%emt 0:00:02]} Qe3+ {[%emt 0:00:02]} 35. Kh2 {[%emt 0:00:02]} Qf4+ {[%emt 0:00:01]} 36. Kh1 {[%emt 0:00:00]} e3 {[%emt 0:00:02]} 37. d6 {[%emt 0:00:02]} e2 {[%emt 0:00:03]} 38. Re1 {[%emt 0:00:01]} Qf2 {[%emt 0:00:01]} 39. d7 {[%emt 0:00:02]} Qb6 {[%emt 0:00:09]} 40. d8=Q {[%emt 0:00:02]} Qxd8 {[%emt 0:00:01]} 41. Rxe2 {[%emt 0:00:02]} Qb8 {[%emt 0:00:03]} 42. Rec2 {[%emt 0:00:01]} Qxb7 {[%emt 0:00:01] Zeit (Lag: Av=0.25s, max=0.9s) .} 0-1

[Event "Stay Safe Play From Home 210"]
[Site "T#646654Emanuel Laske"]
[Date "2020.06.08"]
[Round "2"]
[White "Justwatch"]
[Black "Tunca"]
[Result "0-1"]
[WhiteElo "1569"]
[BlackElo "1681"]
[Annotator "NA RC"]
[PlyCount "81"]
[EventDate "2020.06.08"]
[EventType "swiss (blitz)"]

1. e4 {[%emt 0:00:01]} e5 {[%emt 0:00:03]} 2. Bc4 {[%emt 0:00:03]} Nf6 {[%emt 0:00:02]} 3. Nc3 {[%emt 0:00:02]} Bc5 {[%emt 0:00:01]} 4. Nf3 {[%emt 0:00:01]} O-O {[%emt 0:00:01]} 5. d3 {[%emt 0:00:00]} d6 {[%emt 0:00:03]} 6. Bg5 {[%emt 0:00:00]} c6 {[%emt 0:00:02]} 7. O-O {[%emt 0:00:02]} Bg4 {[%emt 0:00:09]} 8. h3 {[%emt 0:00:03]} Bh5 {[%emt 0:00:02]} 9. a3 {[%emt 0:00:05]} Nbd7 {[%emt 0:00:04]} 10. g4 {[%emt 0:00:02]} Bg6 {[%emt 0:00:01]} 11. Nh4 {[%emt 0:00:02]} b5 {[%emt 0:00:03]} 12. Bb3 {[%emt 0:00:01]} a5 {[%emt 0:00:02]} 13. Nxg6 {[%emt 0:00:03]} hxg6 {[%emt 0:00:00]} 14. Ne2 {[%emt 0:00:03]} Qc7 {[%emt 0:00:18]} 15. c3 {[%emt 0:00:04]} d5 {[%emt 0:00:01]} 16. exd5 {[%emt 0:00:01]} cxd5 {[%emt 0:00:00]} 17. Bxf6 {[%emt 0:00:00]} Nxf6 {[%emt 0:00:01]} 18. Ng3 {[%emt 0:00:02]} Rad8 {[%emt 0:00:05]} 19. Qf3 {[%emt 0:00:02]} Qd6 {[%emt 0:00:17]} 20. g5 {[%emt 0:00:08]} Ne8 {[%emt 0:00:02]} 21. Qg4 {[%emt 0:00:05]} Nc7 {[%emt 0:00:01]} 22. h4 {[%emt 0:00:01]} Ne6 {[%emt 0:00:02]} 23. h5 {[%emt 0:00:03]} gxh5 {[%emt 0:00:00]} 24. Qxh5 {[%emt 0:00:02]} Nf4 {[%emt 0:00:02]} 25. Qh4 {[%emt 0:00:03]} Nxd3 {[%emt 0:00:22]} 26. Kh2 {[%emt 0:00:16]} e4 {[%emt 0:00:03]} 27. Bc2 {[%emt 0:00:07]} Nxf2 {[%emt 0:00:04]} 28. Rxf2 {[%emt 0:00:02]} Bxf2 {[%emt 0:00:00]} 29. Rh1 {[%emt 0:00:02]} Bxg3+ {[%emt 0:00:02]} 30. Qxg3 {[%emt 0:00:01]} Qxg3+ {[%emt 0:00:01]} 31. Kxg3 {[%emt 0:00:00]} Rfe8 {[%emt 0:00:04]} 32. Kf4 {[%emt 0:00:01]} e3 {[%emt 0:00:14]} 33. Re1 {[%emt 0:00:09]} e2 {[%emt 0:00:03]} 34. Bd3 {[%emt 0:00:02]} Re6 {[%emt 0:00:03]} 35. Kf3 {[%emt 0:00:06]} Re5 {[%emt 0:00:07]} 36. Rxe2 {[%emt 0:00:02]} Rxg5 {[%emt 0:00:04]} 37. Rh2 {[%emt 0:00:05]} b4 {[%emt 0:00:05]} 38. Bh7+ {[%emt 0:00:03]} Kf8 {[%emt 0:00:01]} 39. Bd3 {[%emt 0:00:00]} bxc3 {[%emt 0:00:01]} 40. bxc3 {[%emt 0:00:01]} Rc8 {[%emt 0:00:00]} 41. Rh8+ {[%emt 0:00:04] Justwatch terk eder (Lag: Av=0.45s, max=1.1s)} 0-1

[Event "Stay Safe Play From Home 210"]
[Site "T#646654Emanuel Laske"]
[Date "2020.06.08"]
[Round "3"]
[White "Mepe_Nika"]
[Black "SoulofWolf"]
[Result "1-0"]
[WhiteElo "2332"]
[BlackElo "2098"]
[Annotator "TA"]
[PlyCount "45"]
[EventDate "2020.06.08"]
[EventType "swiss (blitz)"]

{[%evp 9,45,58,84,47,53,47,90,69,73,33,135,120,170,210,196,209,248,254,302,309,360,222,243,224,243,120,116,109,110,91,1647,1629,2047,1976,2466,593,29997,29998]} 1. d4 e6 2. e4 Nf6 3. e5 Nd5 4. c4 Ne7 5. Nc3 d5 6. exd6 {C01: French: Exchange Variation.} cxd6 7. Nf3 {[#]} Ng6 $146 ({Predecessor:} 7... g6 8. h4 h5 9. Bd3 Bg7 10. O-O O-O 11. Bg5 Nd7 12. Re1 Nf6 13. Qd2 Rb8 {1-0 (24) Markus,R (2347)-Byrne,M (2276) ICCF email 2018}) 8. Bd3 {White is better.} Be7 9. h4 e5 ({Better is} 9... Nxh4 $14 10. Nxh4 Bxh4) 10. h5 $16 Nf4 11. Bxf4 $1 ({Much less strong is} 11. dxe5 Nxd3+ 12. Qxd3 dxe5 $16) 11... exf4 12. Qd2 O-O 13. Qxf4 Re8 {Hoping for ...Bg5+.} 14. O-O Nc6 15. Qe4 f5 16. Qd5+ Kh8 17. Rfe1 (17. Bxf5 $18 {is more deadly.} Nb4 18. Qe4) 17... Nb4 {[%mdl 64] [#] Double Attack} 18. Qf7 $1 {aiming for Ng5!} Nxd3 19. Re3 $40 {[%mdl 128] Black must now prevent Nd5. White has strong attack.} Nb4 $2 {[%mdl 8192] [#] Loses the game.} (19... Bd7 $16) 20. h6 $1 $18 {[%csl Gf7][%cal Rh6g7][%mdl 512]} Rg8 (20... gxh6 21. Rae1) 21. Rxe7 Qf8 22. hxg7+ (22. Ng5 $142) 22... Rxg7 23. Qxf8+ {Accuracy: White = 54%, Black = 21%.} 1-0

[Event "Stay Safe Play From Home 210"]
[Site "T#646654Emanuel Laske"]
[Date "2020.06.08"]
[Round "3"]
[White "Greblah"]
[Black "Weltszmerc"]
[Result "0-1"]
[WhiteElo "2034"]
[BlackElo "2115"]
[Annotator "TA"]
[PlyCount "92"]
[EventDate "2020.06.08"]
[EventType "swiss (blitz)"]

{[%evp 10,92,11,0,6,0,71,74,57,0,0,-4,0,-34,13,-21,-6,0,0,-11,-4,-7,0,0,0,-28,-12,-40,-50,-50,-31,-39,-12,-66,-33,-39,-31,-44,-25,-25,-9,-29,-22,-164,-158,-240,-52,-238,-111,-192,-160,-189,-162,-189,-189,-275,-294,-619,-324,-322,-309,-315,-291,-745,-681,-1026,-786,-872,-787,-924,-945,-990,-912,-1757,-1588,-1733,-1629,-1564,-1383,-6732,-12497,-5485,-4719,-6411,-6136]} 1. e4 Nf6 2. Nc3 d5 3. exd5 Nxd5 4. Nge2 c5 5. Nxd5 Qxd5 6. Nc3 Qe5+ {B20: Sicilian: Unusual White 2nd moves.} 7. Qe2 {[#]} Nc6 $146 (7... Qxe2+ $11 {remains equal.} 8. Bxe2 Nc6) ({Predecessor:} 7... Qxe2+ 8. Bxe2 Nc6 9. d3 Nd4 10. Bd1 Bd7 11. O-O e6 12. Re1 Be7 13. Ne2 Bf6 14. Nf4 {0-1 (42) Bartel,M (2306)-Jankovic,A (2557) Skopje 2018}) 8. Qxe5 $16 Nxe5 {White is better.} 9. d3 (9. Nb5 $14 Kd8 10. d4 cxd4 11. Nxd4) 9... Bd7 $11 10. Bf4 Ng6 11. Bg3 Bc6 12. O-O-O (12. d4 $5) 12... O-O-O 13. h4 {[#] aiming for h5.} h5 14. f3 e5 15. Ne4 f6 16. Bf2 b6 17. Ng3 Ne7 {[%cal Bg6e7,Be7d5,Bd5f4][%mdl 32]} 18. Be2 Nd5 19. Rhe1 Nf4 20. Bf1 $1 Bd6 21. Ne2 (21. Ne4 $11) 21... Ne6 22. Nc3 Bc7 23. Ne4 Kb7 24. b3 Nd4 25. Kb2 Rhe8 26. Bxd4 (26. c3 $11 Ne6 27. a4) 26... exd4 $19 27. Re2 (27. g4 $17) 27... Bf4 $2 {[#]} (27... f5 $19 28. Nf2 Rxe2 29. Bxe2 Re8) 28. a4 $2 ({White should try} 28. g3 $1 $15 Bc7 29. Bh3) 28... Be3 (28... f5 $19 29. Nd2 Rxe2 30. Bxe2 Re8) 29. Ka3 (29. g4 $17) 29... Kc7 $36 {[%mdl 2048] Black is on the roll.} 30. c4 Re7 31. Rde1 Rde8 32. b4 (32. Ra1 $142) 32... f5 ({Weaker is} 32... Bxe4 33. fxe4 cxb4+ 34. Kb3 $17) 33. Ng5 $2 (33. Rxe3 dxe3 34. Nc3) 33... Bxg5 34. hxg5 Rxe2 35. Rxe2 Re3 36. Rxe3 $2 (36. Rf2) 36... dxe3 {[%mdl 4096] Endgame KB-KB. Black is clearly winning.} 37. b5 Bb7 38. Kb3 Kd6 39. Kc3 Ke5 40. Be2 Kf4 41. g6 Kg3 42. d4 cxd4+ 43. Kxd4 Kf2 44. Kd3 f4 45. a5 h4 46. c5 bxc5 {Accuracy: White = 28%, Black = 70%.} 0-1